000
00331nam a22001457a 4500
003
SGT
020
_a
978-81-8457-853-9
082
_a
370
_b
SHA
100
_a
SHARMA KAUSHAL
245
_a
EMERGING TRENDS IN INCLUSIVE EDUCATION
260
_a
KANISHKA PUB NEW DELHI
_c
2022
300
_a
311
650
_a
EDUCATION
942
_2
ddc
_c
BK
999
_c
23110
_d
23110